Across the threshold: readings from the modern languages projects of the Council of Europe
Gardado en:
| Main Authors: | , |
|---|---|
| Formato: | Libro |
| Idioma: | inglés |
| Publicado: |
Oxford
Pergamon Press
1984
|
| Subjects: | |
| Tags: |
Engadir etiqueta
Sen Etiquetas, Sexa o primeiro en etiquetar este rexistro!
|
MARC
| LEADER | 00000nam a2200000 a 4500 | ||
|---|---|---|---|
| 001 | UCQ7931 | ||
| 003 | CL-VaPUC | ||
| 008 | 981121e19840000UK |||||||||||||||||eng|d | ||
| 082 | 0 | 4 | |a 418.007 |b EKJ |2 21 |
| 100 | 0 | |a Ek, J. A. van |e author |9 421745 | |
| 700 | 0 | |a Trim, J. L. M |e author |9 421746 | |
| 245 | 1 | 0 | |a Across the threshold: readings from the modern languages projects of the Council of Europe |
| 300 | |a 200 p | ||
| 942 | |c BK | ||
| 945 | |d 19981121 00:00:00 |a crobeson | ||
| 260 | |a Oxford |b Pergamon Press |c 1984 | ||
| 650 | 0 | |a Lingüística aplicada |9 313266 | |
| 650 | 0 | |a Educación lingüística |9 306506 | |
| 650 | 0 | |a Política educacional |9 308011 | |
| 583 | |a last modification |c 19981121 00:00:00 |k Rodrigo Vera | ||
| 999 | |c 277305 |d 277303 | ||
| 952 | |0 0 |1 0 |4 0 |6 418_007000000000000_EKJ_1984 |7 0 |8 A |9 315191 |a FDOPOS |b FDOPOS |d 2019-11-20 |i 1495003 |o 418.007 EKJ 1984 |p 1495003 |r 2025-01-22 |w 2019-11-20 |y BK |k MLA | ||